Populous South America Quiz Stats

 Plays Quiz not verified by Sporcle

Score 0/20 Timer 07:00
0 Plays Today
Population City % Correct
13,080,026Buenos Aires
98.4%
10,381,400Sao Paulo
97.3%
6,255,971 Rio de Janeiro
97.3%
8,000,111Lima
96.2%
5,196,846 Santiago
95.7%
8,000,111Bogota
94.1%
1,966,463Caracas
89.7%
2,551,909Brasilia
86.5%
1,650,034Quito
83.8%
2,534,455Belo Horizonte
75.7%
Population City % Correct
5,196,846 Salvador
67.6%
2,352,491Medellin
66.5%
2,222,724Cali
54.1%
1,865,277Manaus
54.1%
2,286,302 Guayaquil
50.8%
2,558,558Fortaleza
47%
2,634,251Maracaibo
37.3%
1,896,743Curitiba
36.8%
1,685,884Santa Cruz
35.7%
1,853,117 Valencia
27.6%

You're not logged in!

Compare scores with friends on all Sporcle quizzes.
OR
Log In

Show Comments

Extras

Top Quizzes Today


Score Distribution

Your Account Isn't Verified!

In order to create a playlist on Sporcle, you need to verify the email address you used during registration. Go to your Sporcle Settings to finish the process.

Report this User

Report this user for behavior that violates our Community Guidelines.

Details: